000 00892nam a2200253Ia 4500
003 OSt
005 20220923220801.0
006 a|||||r|||| 00| 0
007 ta
008 220922b |||||||| |||| 00| 0 hin d
024 _a190,419
037 _cTextual
040 _aARTS
_cARTS
_bhin
041 _2hin
_ahin
082 _aO152,2M971x, J9
100 _aभट्ट, उदय शंकर
245 0 _aअशोक वन बन्दिनी तथा अन्य गीति नाटक
246 _aAshok van bandinī tathā anya gīti nāṭaka
260 _aदिल्ली
_b भारतीय साहित्य मन्दिर
_c1959
300 _a144पृ.
_ccm.
650 _aहिन्दी साहित्य
_9156264
942 _hO152,2M971x, J9
_cTEXL
_2CC
999 _c343194
_d343194